| 000 | 00843nam a2200217 a 4500 | ||
|---|---|---|---|
| 001 | 000034352 | ||
| 005 | 20200930073644.0 | ||
| 008 | 111003s1977 ss a 000 j spa d | ||
| 040 |
_aDO-SdBNP _bspa _cBNPHU |
||
| 082 |
_aS863.4 _bS161c |
||
| 100 | 1 |
_aSalarrué _d1899-1975 _qSalvador Salazar Arrué _959777 |
|
| 245 | 1 | 0 |
_aCuentos de barro / _cSalvador Salazar Arrué (Salarrué) ; ilustraciones de Antonio Flores Hernández. |
| 260 |
_aSan Salvador : _bMinisterio de Educación, Dirección General de Publicaciones, _c1977. |
||
| 300 |
_a208 p. : _bil. ; _c19 cm. |
||
| 500 | _aIncluye datos biográficos del autor en la contraportada | ||
| 650 | 4 |
_aCuentos salvadoreños _92928 |
|
| 650 | 4 |
_aLiteratura salvadoreña _92929 |
|
| 700 | 1 | 2 |
_aFlores Hernández, Antonio _eil. _959778 |
| 910 | _aValidado. Control de calidad MFF | ||
| 049 | _aBNPD | ||
| 999 |
_c33843 _d33843 |
||